Tyler, The Creator - Wszystkie albumy - Statystyki

Ogólne statystyki
  • Ten quiz został rozwiązany 34 razy
  • Średni wynik to 8 z 9
Statystyki odpowiedzi
Hint Odpowiedź % Poprawnych
2024 CHROMAKOPIA
100%
2019 IGOR
100%
2025 DON'T TAP THE GLASS
91%
2017 Flower Boy
91%
2021 CALL ME IF YOU GET LOST
88%
2013 Wolf
88%
2011 Goblin
84%
2015 Cherry Bomb
81%
2009 Bastard
72%
Nie znaleziono quizów pasujących do podanych kryteriów
Rozkład punktacji
Procent ludzi z każdym wynikiem
Percentyl według liczby udzielonych odpowiedzi
Twoja historia wyników
Nie rozwiązałeś tego quizu